|
|
|
|
| LEADER |
00000nam0a2200000 4500 |
| 001 |
252101 |
| 005 |
20231101232722.0 |
| 020 |
|
|
|a RU
|b 89-31995
|
| 035 |
|
|
|a (RuTPU)RU\TPU\book\274421
|
| 090 |
|
|
|a 252101
|
| 100 |
|
|
|a 20140227d1989 k a0rusy5003 ca
|
| 101 |
0 |
|
|a rus
|
| 102 |
|
|
|a RU
|
| 105 |
|
|
|a y z 100zy
|
| 200 |
1 |
|
|a Материалы VII съезда Всесоюзного общества изобретателей и рационализаторов
|e Москва 14-16 апреля 1988 года
|f под ред. Т. Г. Нечкиной
|
| 210 |
|
|
|a Москва
|c Профиздат
|d 1989
|
| 215 |
|
|
|a 127 с.
|
| 606 |
1 |
|
|a Изобретательство и рационализация
|2 stltpush
|3 (RuTPU)RU\TPU\subj\12295
|9 39106
|
| 610 |
1 |
|
|a общества
|
| 610 |
1 |
|
|a съезды
|
| 610 |
1 |
|
|a ВОИР
|
| 610 |
1 |
|
|a постановления
|
| 610 |
1 |
|
|a уставы
|
| 610 |
1 |
|
|a Общества изобретателей и рационализаторов
|
| 610 |
1 |
|
|a перестройка
|
| 610 |
1 |
|
|a изобретения
|
| 610 |
1 |
|
|a организации
|
| 675 |
|
|
|a 608(063)
|v 3
|
| 702 |
|
1 |
|a Нечкина
|b Т. Г.
|4 340
|
| 712 |
1 |
2 |
|a Всесоюзное общество изобретателей и рационализаторов
|c съезд
|d 7
|e Москва
|f 1988
|
| 801 |
|
0 |
|a RU
|b RuMRKP
|c 19950417
|g psbo
|
| 801 |
|
1 |
|a RU
|b 63413507
|c 20140227
|
| 801 |
|
2 |
|a RU
|b 63413507
|c 20140320
|g RCR
|
| 942 |
|
|
|c BK
|